000 00308nam a22001337a 4500
008 180215b xxu||||| |||| 00| 0 eng d
020 _a012093552-X
041 _aeng
080 _22nd
_a62
100 _a27
101 _aIM
245 _aData structures theory and practice
_cBerztiss,A.T
942 _2udc
_cBK
999 _c42643
_d42643